000 01513nam2a2200217 4500
001 RU\NLR\BIBL_A\012514437
005 20250624054300.0
035 _a(NLR Aleph) 012514437
090 _a12282580
_c12282580
100 _a20210430d2021 |||y0rusy50 ca
101 0 _arus
102 _aRU
200 1 _aПо материалам Всероссийского интернет-симпозиума с международным участием "Химически модифицированные минералы и биополимеры в XXI веке", CHEMOPOLYS
210 _d2021
_aБ. м.
461 0 _1001RU\NLR\INFOCOMM31\5000021354
_12001#$aСорбционные и хроматографические процессы$fНауч. совет по адсорбции и хроматографии РАН, Воронеж. гос. ун-т$vТ. 21, № 1
_94498507
_c[Воронеж]
_d2001-
_fНауч. совет по адсорбции и хроматографии РАН, Воронеж. гос. ун-т
_nБ. и.
_tСорбционные и хроматографические процессы
_x1680-0613
_vТ. 21, № 1
710 1 2 _a"Химически модифицированные минералы и биополимеры в XXI веке", всероссийский интернет-симпозиум с международным участием
_eВоронеж
_f2020
_9748578
_3RU\NLR\AUTH\880542152
852 _aNLR
_jП8/1547
942 _cISSUE
980 _aNB
980 _aRUSPER